[Event "Dimitrovgrad-ch"]
[Site "Dimitrovgrad"]
[Date "2009.??.??"]
[Round "7"]
[White "Tikhomirov, Sergei"]
[Black "Telegin, Andrey"]
[Result "1-0"]
[WhiteElo "2365"]
[BlackElo "2010"]
[PlyCount "69"]
[EventDate "2009.08.??"]
[EventType "swiss"]
[EventRounds "9"]
[EventCountry "RUS"]
[SourceTitle "EXT 2012"]
[Source "ChessBase"]
[SourceDate "2011.11.24"]
[SourceVersion "1"]
[SourceVersionDate "2011.11.24"]
[SourceQuality "1"]

1. e4 c5 2. g3 Nc6 3. Bg2 e6 4. d3 d5 5. Nd2 Nge7 6. Ngf3 g6 7. 0-0 Bg7 8. Re1 0-0 9. h4 Qc7 10. Qe2 f5 11. exd5 Nxd5 12. Nb3 b6 13. c4 Nde7 14. Bf4 Qd7 15. Be5 a5 16. Bxg7 Kxg7 17. Rad1 a4 18. Nc1 Ra7 19. d4 cxd4 20. Nxd4 Nxd4 21. Qe5+ Kg8 22. Rxd4 Qc7 23. Nd3 Nc6 24. Qxc7 Rxc7 25. Bxc6 Rxc6 26. Ne5 Rc5 27. b4 axb3 28. axb3 Ra5 29. Rd6 Ra6 30. b4 b5 31. Rxa6 Bxa6 32. Ra1 Bb7 33. Ra7 Be4 34. f3 Bc2 35. c5 1-0

[Event "Cherkessk"]
[Site "Cherkessk"]
[Date "2007.05.??"]
[Round "5"]
[White "Tikhomirov, Sergei"]
[Black "Akbaev, Kazbek"]
[Result "0-1"]
[WhiteElo "2387"]
[BlackElo "2214"]
[PlyCount "62"]
[EventDate "2007.05.17"]
[EventType "swiss"]
[EventRounds "11"]
[EventCountry "RUS"]
[EventCategory "1"]
[SourceTitle "EXT 2008"]
[Source "ChessBase"]
[SourceDate "2007.11.25"]
[SourceVersion "1"]
[SourceVersionDate "2007.11.25"]
[SourceQuality "1"]

1. e4 d5 2. exd5 Qxd5 3. Nc3 Qa5 4. Nf3 Nf6 5. g3 Bg4 6. Bg2 Nbd7 7. h3 Bh5 8. 0-0 e5 9. d3 Bc5 10. Qe2 0-0-0 11. g4 Bg6 12. a3 c6 13. Bd2 Qc7 14. b4 Bd6 15. Nh4 Rde8 16. Nxg6 hxg6 17. Ne4 Nxe4 18. dxe4 Nf8 19. Be3 Ne6 20. c3 Nf4 21. Bxf4 exf4 22. Rac1 f5 23. f3 Rh7 24. c4 c5 25. Rfd1 Be5 26. bxc5 Qxc5+ 27. Kf1 fxg4 28. fxg4 f3 29. Bxf3 Rxh3 30. Rd5 Qf8 31. Rd3 Rh1+ 0-1

[Event "Cherkessk"]
[Site "Cherkessk"]
[Date "2007.05.??"]
[Round "3"]
[White "Tikhomirov, Sergei"]
[Black "Iljin, Timofey"]
[Result "0-1"]
[WhiteElo "2387"]
[BlackElo "2353"]
[PlyCount "54"]
[EventDate "2007.05.17"]
[EventType "swiss"]
[EventRounds "11"]
[EventCountry "RUS"]
[EventCategory "1"]
[SourceTitle "EXT 2008"]
[Source "ChessBase"]
[SourceDate "2007.11.25"]
[SourceVersion "1"]
[SourceVersionDate "2007.11.25"]
[SourceQuality "1"]

1. c4 e5 2. Nc3 Bb4 3. g3 Bxc3 4. bxc3 d6 5. Bg2 Ne7 6. d3 0-0 7. Rb1 Nbc6 8. Nf3 b6 9. 0-0 Rb8 10. Ne1 Be6 11. f4 Qd7 12. e4 f5 13. exf5 Bxf5 14. Nf3 h6 15. Rb2 Ng6 16. Rbf2 exf4 17. gxf4 Bg4 18. Qa4 Nxf4 19. Bxf4 Rxf4 20. Ne5 dxe5 21. Bxc6 Qxd3 22. Bd5+ Kh8 23. Rxf4 exf4 24. Rxf4 Qe3+ 25. Rf2 Rf8 26. Qc2 Bh3 27. Bg2 Qe1+ 0-1

[Event "Azov Ivanov Memorial-A"]
[Site "Azov"]
[Date "2007.01.03"]
[Round "6"]
[White "Matjushin, Gennady"]
[Black "Tikhomirov, Sergei"]
[Result "1/2-1/2"]
[WhiteElo "2489"]
[BlackElo "2382"]
[PlyCount "64"]
[EventDate "2006.12.28"]
[EventType "tourn"]
[EventRounds "9"]
[EventCountry "RUS"]
[EventCategory "8"]
[SourceTitle "EXT 2019"]
[Source "ChessBase"]
[SourceDate "2018.10.10"]
[SourceVersion "1"]
[SourceVersionDate "2018.10.10"]
[SourceQuality "1"]

1. c4 c5 2. Nc3 Nf6 3. Nf3 g6 4. g3 d5 5. cxd5 Nxd5 6. Bg2 Nc6 7. 0-0 Bg7 8. Nxd5 Qxd5 9. d3 0-0 10. Be3 Bd7 11. Nd4 Qd6 12. Nxc6 Bxc6 13. Bxc6 Qxc6 14. Rc1 Qe6 15. b3 b6 16. Rc4 Rfd8 17. Qb1 Rd5 18. Re4 Re5 19. Rxe5 Bxe5 20. Rc1 Rd8 21. Rc4 Bd4 22. Bxd4 Rxd4 23. Rxd4 cxd4 24. Qc2 h5 25. h4 Kh7 26. Kf1 Qh3+ 27. Kg1 Qe6 28. a4 a5 29. Kf1 Qh3+ 30. Kg1 Qe6 31. Kf1 Qh3+ 32. Kg1 Qe6 1/2-1/2

[Event "Azov Ivanov Memorial-A"]
[Site "Azov"]
[Date "2006.12.29"]
[Round "2"]
[White "Klyuchnikov, Vladimir"]
[Black "Tikhomirov, Sergei"]
[Result "0-1"]
[WhiteElo "2296"]
[BlackElo "2382"]
[PlyCount "62"]
[EventDate "2006.12.28"]
[EventType "tourn"]
[EventRounds "9"]
[EventCountry "RUS"]
[EventCategory "8"]
[SourceTitle "EXT 2019"]
[Source "ChessBase"]
[SourceDate "2018.10.10"]
[SourceVersion "1"]
[SourceVersionDate "2018.10.10"]
[SourceQuality "1"]

1. e4 e6 2. d4 d5 3. Nc3 Nf6 4. Bg5 Bb4 5. e5 h6 6. Bd2 Bxc3 7. Bxc3 Ne4 8. Bb4 c5 9. dxc5 Nxf2 10. Kxf2 Qh4+ 11. g3 Qxb4 12. Qc1 Qxc5+ 13. Kg2 Nc6 14. Nf3 Bd7 15. Bd3 Nb4 16. Qd2 0-0 17. Rhf1 Nxd3 18. cxd3 Rac8 19. Rac1 Qb6 20. b3 d4 21. g4 Bc6 22. Kg3 Bxf3 23. Rxf3 Rc6 24. Rcf1 Qc7 25. Qf4 Rc5 26. Re1 Rd5 27. g5 hxg5 28. Qxg5 f6 29. Qg4 Rxe5 30. Rxe5 Qxe5+ 31. Rf4 g5 0-1

[Event "Serpukhov-D"]
[Site "Serpukhov"]
[Date "2003.??.??"]
[Round "1"]
[White "Andreikin, Dmitry"]
[Black "Tikhomirov, Sergei"]
[Result "1-0"]
[WhiteElo "2342"]
[BlackElo "2342"]
[PlyCount "107"]
[EventDate "2003.01.??"]
[EventType "tourn"]
[EventRounds "13"]
[EventCountry "RUS"]
[SourceTitle "EXT 2004"]
[Source "ChessBase"]
[SourceDate "2003.11.25"]
[SourceVersion "1"]
[SourceVersionDate "2003.11.25"]
[SourceQuality "1"]

1. e4 e5 2. Nf3 Nc6 3. Bb5 Qf6 4. Nc3 Nge7 5. 0-0 a6 6. Bxc6 Nxc6 7. Nd5 Qd8 8. d4 d6 9. dxe5 dxe5 10. Nh4 Be7 11. Nf5 Bxf5 12. exf5 Nd4 13. Ne3 g6 14. Qg4 Qd7 15. Rd1 Bd6 16. Qg5 Nxf5 17. Qf6 0-0 18. Ng4 Qe7 19. Qxe7 Nxe7 20. Bh6 Rfc8 21. Nf6+ Kh8 22. Ne4 Ng8 23. Bg5 Kg7 24. c4 h6 25. Be3 Rd8 26. Nxd6 cxd6 27. f4 Nf6 28. Bb6 Rd7 29. c5 d5 30. fxe5 Ng4 31. c6 bxc6 32. Bd4 Re7 33. Re1 Rae8 34. Rac1 Nxe5 35. Rxe5 Rxe5 36. Rxc6 f6 37. Bxe5 fxe5 38. Rxa6 d4 39. Kf2 e4 40. Rd6 Rc8 41. Rxd4 Rc2+ 42. Ke3 Rxb2 43. a4 Kf6 44. Rd2 Rb4 45. Ra2 Ke5 46. a5 Rb3+ 47. Ke2 Rb7 48. a6 Ra7 49. Ke3 Kd5 50. h4 Kc5 51. Kxe4 Kb6 52. Ke5 g5 53. h5 g4 54. Kf6 1-0

[Event "Serpukhov-D"]
[Site "Serpukhov"]
[Date "2003.??.??"]
[Round "5"]
[White "Azizbekian, Erik"]
[Black "Tikhomirov, Sergei"]
[Result "0-1"]
[WhiteElo "2104"]
[BlackElo "2342"]
[PlyCount "72"]
[EventDate "2003.01.??"]
[EventType "tourn"]
[EventRounds "13"]
[EventCountry "RUS"]
[SourceTitle "EXT 2004"]
[Source "ChessBase"]
[SourceDate "2003.11.25"]
[SourceVersion "1"]
[SourceVersionDate "2003.11.25"]
[SourceQuality "1"]

1. e4 e5 2. Nf3 Nc6 3. d4 exd4 4. Nxd4 Bc5 5. c3 Qh4 6. Be3 Qxe4 7. Nd2 Qg6 8. N2b3 Be7 9. Nb5 Bd8 10. Qd2 d6 11. 0-0-0 Nf6 12. h4 0-0 13. N5d4 Ne5 14. f3 h5 15. g4 hxg4 16. f4 Nf3 17. Nxf3 gxf3 18. h5 Qh7 19. h6 g6 20. Bd3 Ng4 21. Rdg1 Re8 22. Bd4 c5 23. Bb5 cxd4 24. Bxe8 dxc3 25. bxc3 f2 26. Rd1 Bb6 27. Nd4 Be6 28. Qe2 Bxd4 29. cxd4 Rxe8 30. f5 Rc8+ 31. Kb2 Bxf5 32. Rc1 Rf8 33. Rc7 Nxh6 34. Rc3 Qg7 35. Qxf2 Ng4 36. Qh4 Re8 0-1

[Event "Serpukhov-D"]
[Site "Serpukhov"]
[Date "2003.??.??"]
[Round "13"]
[White "Tikhomirov, Sergei"]
[Black "Khairullin, Ildar"]
[Result "0-1"]
[WhiteElo "2342"]
[BlackElo "2331"]
[PlyCount "56"]
[EventDate "2003.01.??"]
[EventType "tourn"]
[EventRounds "13"]
[EventCountry "RUS"]
[SourceTitle "EXT 2004"]
[Source "ChessBase"]
[SourceDate "2003.11.25"]
[SourceVersion "1"]
[SourceVersionDate "2003.11.25"]
[SourceQuality "1"]

1. c4 Nf6 2. Nc3 g6 3. e4 d6 4. d4 Bg7 5. Nge2 0-0 6. Ng3 e5 7. d5 Nbd7 8. Bg5 h6 9. Be3 a5 10. Be2 Nc5 11. 0-0 Kh7 12. Qc2 Ng4 13. Bxg4 Bxg4 14. b3 h5 15. a3 h4 16. Nge2 h3 17. g3 Bf3 18. b4 Nd7 19. c5 Nf6 20. Rfb1 Qc8 21. Bg5 axb4 22. axb4 Qg4 23. Bxf6 Bxf6 24. Rxa8 Rxa8 25. Kf1 Bg5 26. Ng1 Ra3 27. Nxf3 Qxf3 28. Nb5 Re3 0-1

[Event "Serpukhov-D"]
[Site "Serpukhov"]
[Date "2003.??.??"]
[Round "6"]
[White "Tikhomirov, Sergei"]
[Black "Moskalenko, Alexander"]
[Result "1/2-1/2"]
[WhiteElo "2342"]
[BlackElo "2288"]
[PlyCount "51"]
[EventDate "2003.01.??"]
[EventType "tourn"]
[EventRounds "13"]
[EventCountry "RUS"]
[SourceTitle "EXT 2004"]
[Source "ChessBase"]
[SourceDate "2003.11.25"]
[SourceVersion "1"]
[SourceVersionDate "2003.11.25"]
[SourceQuality "1"]

1. e4 c5 2. g3 d5 3. exd5 Qxd5 4. Nf3 Bg4 5. Bg2 Qe6+ 6. Kf1 Nc6 7. h3 Bh5 8. Nc3 Nf6 9. d3 Qd7 10. Kg1 e6 11. Kh2 Nd4 12. Re1 Bxf3 13. Bxf3 Nxf3+ 14. Qxf3 Be7 15. a4 0-0 16. Bf4 Rfd8 17. Be5 Rac8 18. Nb5 a6 19. Nc3 Qc6 20. Qxc6 Rxc6 21. Rad1 Nd5 22. Nxd5 Rxd5 23. Bc3 b6 24. Ra1 c4 25. dxc4 Rxc4 26. Kg2 1/2-1/2

[Event "Bucharest Juventus"]
[Site "Bucharest"]
[Date "2002.08.14"]
[Round "9"]
[White "Tikhomirov, Sergei"]
[Black "Chirila, Ioan Cristian"]
[Result "1-0"]
[WhiteElo "2316"]
[BlackElo "2189"]
[PlyCount "49"]
[EventDate "2002.08.05"]
[EventType "tourn"]
[EventRounds "11"]
[EventCountry "ROU"]
[EventCategory "3"]
[SourceTitle "CBM 089 Extra"]
[Source "ChessBase"]
[SourceDate "2002.09.10"]
[SourceVersion "2"]
[SourceVersionDate "2002.09.10"]
[SourceQuality "1"]

1. e4 c5 2. g3 Nc6 3. Bg2 g6 4. f4 Bg7 5. d3 e6 6. Nf3 Nge7 7. 0-0 0-0 8. Nc3 d5 9. e5 a6 10. g4 b5 11. Qe1 b4 12. Na4 Qa5 13. b3 Bd7 14. Qf2 d4 15. Qh4 f5 16. exf6 Bxf6 17. Ng5 Bxg5 18. Qxg5 e5 19. f5 Rf7 20. f6 Nc8 21. Bd5 Nd6 22. Qh6 Ne8 23. Bxf7+ Kxf7 24. Qxh7+ Ke6 25. Qxg6 1-0

[Event "Bucharest Juventus"]
[Site "Bucharest"]
[Date "2002.08.13"]
[Round "8"]
[White "Grigore, Nicolae Petre"]
[Black "Tikhomirov, Sergei"]
[Result "1/2-1/2"]
[WhiteElo "2380"]
[BlackElo "2316"]
[PlyCount "21"]
[EventDate "2002.08.05"]
[EventType "tourn"]
[EventRounds "11"]
[EventCountry "ROU"]
[EventCategory "3"]
[SourceTitle "CBM 089 Extra"]
[Source "ChessBase"]
[SourceDate "2002.09.10"]
[SourceVersion "2"]
[SourceVersionDate "2002.09.10"]
[SourceQuality "1"]

1. c4 g6 2. Nc3 Bg7 3. d4 Nf6 4. e4 d6 5. f3 0-0 6. Be3 a6 7. Nge2 c6 8. Nc1 b5 9. Nb3 Nbd7 10. c5 Bb7 11. Be2 1/2-1/2

[Event "Bucharest Supercom Cup"]
[Site "Bucharest"]
[Date "2002.03.27"]
[Round "10"]
[White "Tikhomirov, Sergei"]
[Black "Grunberg, Mihai Lucian"]
[Result "0-1"]
[WhiteElo "2326"]
[BlackElo "2463"]
[PlyCount "104"]
[EventDate "2002.03.17"]
[EventType "tourn"]
[EventRounds "11"]
[EventCountry "ROU"]
[EventCategory "8"]
[SourceTitle "CBM 087 Extra"]
[Source "ChessBase"]
[SourceDate "2002.05.03"]
[SourceVersion "2"]
[SourceVersionDate "2002.08.09"]
[SourceQuality "1"]

1. d4 f5 2. Nc3 d5 3. e4 dxe4 4. f3 e5 5. dxe5 Qxd1+ 6. Nxd1 Nc6 7. f4 Nb4 8. Bb5+ c6 9. Ba4 Be6 10. a3 Nd5 11. Bb3 Bc5 12. Ne2 Rd8 13. Bxd5 cxd5 14. c3 d4 15. cxd4 Bxd4 16. Nxd4 Rxd4 17. Be3 Rd3 18. Bxa7 Ne7 19. 0-0 Kf7 20. Nc3 Nc6 21. Bb6 Bb3 22. Rae1 Ra8 23. Be3 Na5 24. Rf2 Nc4 25. Bc5 Rc8 26. Bb4 Rcd8 27. Nb5 e3 28. Rf3 Rd1 29. Nd6+ Nxd6 30. exd6 R8xd6 31. Bxd6 Rxe1+ 32. Rf1 Re2 33. Bb4 Bd5 34. Re1 Rxg2+ 35. Kf1 Rxb2 36. Rxe3 Be4 37. Rc3 Bc6 38. Re3 Rxh2 39. Re7+ Kf6 40. Rc7 g6 41. Kg1 Rg2+ 42. Kf1 Rg4 43. Be7+ Ke6 44. Bg5 Kd5 45. Rxh7 Kd4 46. Rg7 Ke3 47. Re7+ Be4 48. Re6 Rg3 49. Bh4 Rg4 50. Bg5 b5 51. Re7 Rg3 52. Bh4 Rh3 0-1

[Event "Bucharest Supercom Cup"]
[Site "Bucharest"]
[Date "2002.03.21"]
[Round "5"]
[White "Musat, Adrian"]
[Black "Tikhomirov, Sergei"]
[Result "1-0"]
[WhiteElo "2414"]
[BlackElo "2326"]
[PlyCount "57"]
[EventDate "2002.03.17"]
[EventType "tourn"]
[EventRounds "11"]
[EventCountry "ROU"]
[EventCategory "8"]
[SourceTitle "CBM 087 Extra"]
[Source "ChessBase"]
[SourceDate "2002.05.03"]
[SourceVersion "2"]
[SourceVersionDate "2002.08.09"]
[SourceQuality "1"]

1. Nf3 d6 2. d4 g6 3. c4 Bg7 4. Nc3 e5 5. e4 Nc6 6. Be3 Bg4 7. d5 Nd4 8. Be2 Nxe2 9. Qxe2 Bh6 10. 0-0-0 a6 11. h3 Bxf3 12. Qxf3 Qf6 13. Qe2 Qg7 14. Kb1 f5 15. f4 0-0-0 16. fxe5 dxe5 17. Bxh6 Nxh6 18. c5 Rhf8 19. c6 Rf6 20. Na4 Qf8 21. Rc1 fxe4 22. Nc5 Rxd5 23. cxb7+ Kb8 24. Nxa6+ Kxb7 25. Rxc7+ Kb6 26. Qe3+ Rd4 27. Qb3+ Kxa6 28. Qb7+ Ka5 29. Rhc1 1-0

[Event "Bucharest Winter Cup"]
[Site "Bucharest"]
[Date "2001.12.12"]
[Round "2"]
[White "Tikhomirov, Sergei"]
[Black "Ionescu, Cristian Dan"]
[Result "1/2-1/2"]
[WhiteElo "2357"]
[BlackElo "2312"]
[PlyCount "45"]
[EventDate "2001.12.11"]
[EventType "tourn"]
[EventRounds "11"]
[EventCountry "ROU"]
[EventCategory "2"]
[SourceTitle "CBM 085 Extra"]
[Source "ChessBase"]
[SourceDate "2002.01.21"]
[SourceVersion "1"]
[SourceVersionDate "2002.01.21"]
[SourceQuality "1"]

1. d4 Nf6 2. Nf3 g6 3. b3 Bg7 4. Bb2 0-0 5. g3 c5 6. Bg2 d5 7. e3 Nc6 8. 0-0 Ne4 9. Ne5 Be6 10. Nxc6 bxc6 11. Qc1 cxd4 12. Bxd4 Nf6 13. Nd2 Qc8 14. c4 Bh3 15. cxd5 Bxg2 16. Kxg2 cxd5 17. Qxc8 Rfxc8 18. Rac1 Nd7 19. Bxg7 Kxg7 20. Kf3 f5 21. Ke2 e5 22. b4 Nb6 23. Nb3 1/2-1/2

[Event "Lasker Autumn IM"]
[Site "Bucharest"]
[Date "2001.10.23"]
[Round "11"]
[White "Osman, Mihai"]
[Black "Tikhomirov, Sergei"]
[Result "0-1"]
[WhiteElo "2138"]
[BlackElo "2357"]
[PlyCount "74"]
[EventDate "2001.10.13"]
[EventType "tourn"]
[EventRounds "11"]
[EventCountry "ROU"]
[EventCategory "3"]
[SourceTitle "EXT 2002"]
[Source "ChessBase"]
[SourceDate "2001.11.25"]
[SourceVersion "1"]
[SourceVersionDate "2001.11.25"]
[SourceQuality "1"]

1. e4 e5 2. Nf3 Nc6 3. Nc3 g6 4. Bc4 Bg7 5. d3 d6 6. Bg5 f6 7. Be3 Na5 8. Qe2 a6 9. a3 Nh6 10. 0-0-0 Ng4 11. Ba2 b5 12. d4 c6 13. dxe5 Nxe5 14. Nxe5 fxe5 15. h4 Nb7 16. h5 Qf6 17. h6 Bf8 18. f4 Be6 19. fxe5 dxe5 20. Rhf1 Qe7 21. Kb1 Rd8 22. Qf2 Bxa2+ 23. Nxa2 Rxd1+ 24. Rxd1 Qe6 25. Bg5 Bc5 26. Qf6 Qxf6 27. Bxf6 Rf8 28. Bxe5 Rf2 29. b4 Be3 30. Rd3 Bg5 31. Rg3 Bh4 32. Rg4 Be7 33. Nc3 a5 34. Na2 c5 35. Rxg6 axb4 36. axb4 cxb4 37. Rg8+ Rf8 0-1

[Event "Lasker Autumn IM"]
[Site "Bucharest"]
[Date "2001.10.22"]
[Round "10"]
[White "Tikhomirov, Sergei"]
[Black "Bochkarev, Alexander2222"]
[Result "1/2-1/2"]
[WhiteElo "2357"]
[BlackElo "2361"]
[PlyCount "64"]
[EventDate "2001.10.13"]
[EventType "tourn"]
[EventRounds "11"]
[EventCountry "ROU"]
[EventCategory "3"]
[SourceTitle "EXT 2002"]
[Source "ChessBase"]
[SourceDate "2001.11.25"]
[SourceVersion "1"]
[SourceVersionDate "2001.11.25"]
[SourceQuality "1"]

1. d4 Nf6 2. Nf3 b6 3. Bf4 c5 4. e3 Nh5 5. Bg5 h6 6. Bh4 g5 7. Ne5 Nf6 8. Bg3 cxd4 9. exd4 Nc6 10. Nc3 e6 11. Nb5 Na5 12. h4 Rg8 13. hxg5 hxg5 14. Nc4 Nxc4 15. Qf3 d5 16. Bxc4 g4 17. Qf4 dxc4 18. Nc7+ Ke7 19. Nxa8 Bb7 20. Nc7 Bxg2 21. Rh2 Bf3 22. Nb5 Qd5 23. Qc7+ Nd7 24. Bd6+ Kf6 25. Qxd7 Kg6 26. Qd8 c3 27. Nxc3 Qxd6 28. Qh4 Qxd4 29. Kf1 Qf4 30. Ne2 Bxe2+ 31. Kxe2 Bh6 32. Kf1 Rh8 1/2-1/2

[Event "Lasker Autumn IM"]
[Site "Bucharest"]
[Date "2001.10.19"]
[Round "7"]
[White "Murariu, Andrei"]
[Black "Tikhomirov, Sergei"]
[Result "1-0"]
[WhiteElo "2348"]
[BlackElo "2357"]
[PlyCount "74"]
[EventDate "2001.10.13"]
[EventType "tourn"]
[EventRounds "11"]
[EventCountry "ROU"]
[EventCategory "3"]
[SourceTitle "EXT 2002"]
[Source "ChessBase"]
[SourceDate "2001.11.25"]
[SourceVersion "1"]
[SourceVersionDate "2001.11.25"]
[SourceQuality "1"]

1. e4 e5 2. Nf3 Nc6 3. d4 exd4 4. Nxd4 Bc5 5. Be3 Qf6 6. c3 b6 7. Bc4 Bb7 8. 0-0 Nge7 9. f4 Qg6 10. Nd2 f5 11. exf5 Nxf5 12. Nxf5 Qxf5 13. Qe2 0-0-0 14. Bd3 Bxe3+ 15. Qxe3 Qf7 16. a4 Kb8 17. b4 d5 18. Nf3 d4 19. Nxd4 Nxd4 20. cxd4 Rhe8 21. Qf2 g6 22. Rad1 Qb3 23. Bb5 c6 24. Rb1 Qa3 25. Bc4 Qxa4 26. Qb2 a5 27. Rfd1 b5 28. Bf1 Qxb4 29. Qxb4 axb4 30. Rxb4 Kc7 31. d5 Rd6 32. Rc1 Rxd5 33. Bxb5 Rd2 34. Rbc4 Re6 35. Rc5 Kb6 36. Bf1 Rd5 37. R5c3 c5 1-0

[Event "Lasker Autumn IM"]
[Site "Bucharest"]
[Date "2001.10.18"]
[Round "6"]
[White "Tikhomirov, Sergei"]
[Black "Jianu, Vlad Cristian"]
[Result "0-1"]
[WhiteElo "2357"]
[BlackElo "2397"]
[PlyCount "122"]
[EventDate "2001.10.13"]
[EventType "tourn"]
[EventRounds "11"]
[EventCountry "ROU"]
[EventCategory "3"]
[SourceTitle "EXT 2002"]
[Source "ChessBase"]
[SourceDate "2001.11.25"]
[SourceVersion "1"]
[SourceVersionDate "2001.11.25"]
[SourceQuality "1"]

1. c4 Nf6 2. Nc3 g6 3. e4 d6 4. d4 Bg7 5. Nge2 0-0 6. Ng3 c5 7. d5 Na6 8. Be2 Nc7 9. 0-0 a6 10. a4 b6 11. f4 Rb8 12. Qc2 h5 13. e5 Nfe8 14. e6 f5 15. Rf3 Nf6 16. Bd3 b5 17. Bxf5 gxf5 18. Nxf5 h4 19. Nxh4 bxc4 20. Rg3 Bb7 21. Ra3 Ba8 22. Nf5 Nh5 23. Rg5 Rxf5 24. Qxf5 Nf6 25. Rxg7+ Kxg7 26. Nb5 Bxd5 27. Rg3+ Kf8 28. Nxc7 Qxc7 29. Qh3 Bxe6 30. Qxe6 Qc8 31. Qxc4 Rb4 32. Qc2 Qe6 33. h3 Rc4 34. Rc3 Qe1+ 35. Kh2 Rd4 36. Re3 Qd1 37. Qf5 Qxa4 38. Re6 Kf7 39. Re1 Qc4 40. Be3 Re4 41. Qg5 Qe6 42. Qg3 Nd5 43. Bd2 Rxe1 44. Bxe1 Qf6 45. Qd3 Nxf4 46. Qxa6 Qxb2 47. Qc4+ Ne6 48. Bc3 Qc1 49. Qd3 Qf4+ 50. Kh1 Qc1+ 51. Kh2 Qf4+ 52. Kh1 Ke8 53. Qb5+ Kf8 54. Qd3 Qc1+ 55. Kh2 Qf4+ 56. Kh1 c4 57. Qb1 Nc5 58. Qb8+ Kf7 59. Qh8 Ne4 60. Bg7 Ng3+ 61. Kg1 Ne2+ 0-1

[Event "Lasker Autumn IM"]
[Site "Bucharest"]
[Date "2001.10.17"]
[Round "5"]
[White "Hrzic, Ivan"]
[Black "Tikhomirov, Sergei"]
[Result "1/2-1/2"]
[WhiteElo "2310"]
[BlackElo "2357"]
[PlyCount "93"]
[EventDate "2001.10.13"]
[EventType "tourn"]
[EventRounds "11"]
[EventCountry "ROU"]
[EventCategory "3"]
[SourceTitle "EXT 2002"]
[Source "ChessBase"]
[SourceDate "2001.11.25"]
[SourceVersion "1"]
[SourceVersionDate "2001.11.25"]
[SourceQuality "1"]

1. e4 e5 2. Nf3 Nc6 3. Bb5 a6 4. Ba4 Nf6 5. 0-0 Nxe4 6. d4 b5 7. Bb3 d5 8. dxe5 Be6 9. c3 Be7 10. Nbd2 Nc5 11. Bc2 Bg4 12. Re1 d4 13. Be4 Nxe4 14. Rxe4 Bf5 15. Rf4 dxc3 16. Rxf5 cxd2 17. Bxd2 Nd4 18. Nxd4 Qxd4 19. Qf3 0-0 20. Bc3 Qc4 21. Re1 Rad8 22. a3 Rd3 23. Qe2 Qd5 24. Rf4 c5 25. Re4 c4 26. e6 fxe6 27. Rxe6 Bc5 28. Re8 Qf7 29. Rxf8+ Bxf8 30. Rd1 Qd5 31. Rxd3 cxd3 32. Qe3 h6 33. Kf1 Bc5 34. Qe5 Qxe5 35. Bxe5 d2 36. Ke2 Bxf2 37. Kxd2 Kf7 38. Kc3 Bc5 39. Kd3 g6 40. Ke4 Ke6 41. Bg7 h5 42. Be5 Bb6 43. h3 Bc5 44. Bc3 Bb6 45. Bb4 Ba7 46. Kf4 Bb6 47. Ke4 1/2-1/2

[Event "Kishinev ULIM Cup"]
[Site "Kishinev"]
[Date "2001.10.14"]
[Round "8"]
[White "Tikhomirov, Sergei"]
[Black "Vezdeutsan, Viorel"]
[Result "0-1"]
[WhiteElo "2357"]
[BlackElo "2270"]
[PlyCount "68"]
[EventDate "2001.10.07"]
[EventType "swiss"]
[EventRounds "9"]
[EventCountry "MDA"]
[SourceTitle "EXT 2002"]
[Source "ChessBase"]
[SourceDate "2001.11.25"]
[SourceVersion "1"]
[SourceVersionDate "2001.11.25"]
[SourceQuality "1"]

1. d4 f5 2. g3 g6 3. Bg2 Bg7 4. Nf3 Nf6 5. 0-0 0-0 6. Nbd2 Nc6 7. c3 e6 8. Qc2 d5 9. Nb3 Ne4 10. Bf4 g5 11. Bc1 Bd7 12. Rd1 b6 13. Nbd2 g4 14. Ne1 Nd6 15. Nd3 Rc8 16. Nf1 Ne4 17. Bf4 Bxd4 18. cxd4 Nxd4 19. Qb1 Nxe2+ 20. Kh1 Bb5 21. Bxe4 fxe4 22. Ne5 Nxf4 23. gxf4 Rxf4 24. Ne3 Qg5 25. N5xg4 h5 26. Rg1 hxg4 27. Qd1 Kf7 28. Nxg4 Rg8 29. Ne3 Qxg1+ 30. Qxg1 Rxg1+ 31. Kxg1 Be2 32. Re1 Bf3 33. h3 Ke7 34. Kh2 c5 0-1

[Event "Lasker Autumn IM"]
[Site "Bucharest"]
[Date "2001.10.13"]
[Round "1"]
[White "Nanu, Ciprian Costica"]
[Black "Tikhomirov, Sergei"]
[Result "1-0"]
[WhiteElo "2412"]
[BlackElo "2357"]
[PlyCount "134"]
[EventDate "2001.10.13"]
[EventType "tourn"]
[EventRounds "11"]
[EventCountry "ROU"]
[EventCategory "3"]
[SourceTitle "EXT 2002"]
[Source "ChessBase"]
[SourceDate "2001.11.25"]
[SourceVersion "1"]
[SourceVersionDate "2001.11.25"]
[SourceQuality "1"]

1. d4 Nf6 2. Bg5 g6 3. Bxf6 exf6 4. e3 f5 5. g3 Bg7 6. Bg2 0-0 7. Ne2 d6 8. 0-0 Nd7 9. c4 Re8 10. Nbc3 Nf6 11. Qc2 c6 12. b4 Qe7 13. b5 Ne4 14. a4 h5 15. h4 Bd7 16. a5 Rac8 17. Qd3 Bh6 18. a6 b6 19. Ra2 Bg7 20. Rc2 c5 21. Nd5 Qd8 22. Nec3 Nf6 23. Nxf6+ Bxf6 24. Bb7 Rb8 25. Bc6 Bxc6 26. bxc6 Rc8 27. Nb5 Rxc6 28. Nxa7 Rc7 29. Nb5 Rd7 30. a7 Qe7 31. Ra2 Ra8 32. Rd1 f4 33. dxc5 fxg3 34. cxd6 gxf2+ 35. Rxf2 Qe5 36. Qd5 Qxd5 37. Rxd5 Bxh4 38. Ra2 Bd8 39. Ra6 Rb7 40. Kg2 Kf8 41. Re5 Bf6 42. Re4 g5 43. Ra2 Kg7 44. Rd2 Rd7 45. Rd5 Kg6 46. c5 bxc5 47. Rxc5 Raxa7 48. Nxa7 Rxa7 49. Rd5 Rd7 50. Re8 Bd8 51. e4 f6 52. Rh8 h4 53. Kf3 Kg7 54. Rh5 Kg6 55. Kg4 Bb6 56. Rh8 Bd8 57. Rd2 Kg7 58. Rh5 Kg6 59. Rd3 Bb6 60. Rh8 Bd8 61. e5 fxe5 62. Re8 Bf6 63. Re6 Kf7 64. Kf5 Bd8 65. Rxe5 Bf6 66. Re6 Bd8 67. Re4 Bf6 1-0

[Event "Kishinev ULIM Cup"]
[Site "Kishinev"]
[Date "2001.10.10"]
[Round "4"]
[White "Tikhomirov, Sergei"]
[Black "Baltag, Iulian"]
[Result "0-1"]
[WhiteElo "2357"]
[BlackElo "2231"]
[PlyCount "104"]
[EventDate "2001.10.07"]
[EventType "swiss"]
[EventRounds "9"]
[EventCountry "MDA"]
[SourceTitle "EXT 2002"]
[Source "ChessBase"]
[SourceDate "2001.11.25"]
[SourceVersion "1"]
[SourceVersionDate "2001.11.25"]
[SourceQuality "1"]

1. d4 d5 2. Nf3 Nf6 3. c4 c6 4. e3 e6 5. Nbd2 Nbd7 6. Bd3 Bd6 7. 0-0 0-0 8. e4 dxe4 9. Nxe4 Nxe4 10. Bxe4 Nf6 11. Bc2 h6 12. b3 c5 13. Bb2 b6 14. Qd3 cxd4 15. Bxd4 Bc5 16. Qe3 Bxd4 17. Nxd4 Bb7 18. Rad1 Qc7 19. Nb5 Qc5 20. Qxc5 bxc5 21. f3 Bc6 22. Nc3 Rfc8 23. Kf2 Kf8 24. Rd2 Ke7 25. Re1 Rd8 26. Rxd8 Rxd8 27. Ke3 g5 28. Rb1 Nd7 29. Rd1 f5 30. Rd2 Rg8 31. Bd1 Ne5 32. Be2 f4+ 33. Kf2 g4 34. a3 Rb8 35. Rb2 gxf3 36. gxf3 Bxf3 37. b4 Ba8 38. Nb5 Rg8 39. Rb3 Rg2+ 40. Ke1 f3 41. Bf1 Ra2 42. Nc3 Rxh2 43. Nd1 Rc2 44. Ne3 Ra2 45. bxc5 f2+ 46. Kd1 Bf3+ 47. Kc1 Ra1+ 48. Kd2 h5 49. c6 Bxc6 50. Rc3 Nf3+ 51. Ke2 Ra2+ 52. Nc2 Nd4+ 0-1